000 00237nam a2200085Ia 4500
008 200302s9999 xx 000 0 und d
100 _aRachel Rubin wolf
245 _aSplash 5 Best of Watercolor the Glory of Color
260 _bNorth Light Books
999 _c1843
_d1843